Apuntes para la historia de la transculturación indoespañola /
Recuento del rico intercambio cultural desarrollado entre España y sus antiguas colonias en América, escrito por Mariano de Cárcer y Disdier (1883-1963), ingeniero malagueño que hacia 1905 emigró a México, donde se asentó y adoptó su nacionalidad. Cárcer y Disdier centra su exposición fundamentalmen...
Guardado en:
| Hovedforfatter: | |
|---|---|
| Andre forfattere: | |
| Format: | Bog |
| Sprog: | spansk |
| Udgivet: |
México :
UNAM, Instituto de Investigaciones Históricas,
1995, c1995
|
| Udgivelse: | 2a edición |
| Serier: | (Publicaciones del Instituto de Investigaciones Históricas. Primera Serie ;
28) |
| Fag: | |
| Tags: |
Ingen Tags, Vær først til at tagge denne postø!
|
MARC
| LEADER | 00000nam^a2200000^a^4500 | ||
|---|---|---|---|
| 001 | 000063927 | ||
| 005 | 20250521000000.0 | ||
| 009 | 20260310091043.832 | ||
| 020 | |a 968-36-4446-5 | ||
| 037 | |a Acervo ITESO - Biblioteca | ||
| 041 | |a ESP | ||
| 082 | |a 303. 48246080 |b CAR | ||
| 100 | |a Cárcer y Disdier, Mariano de |e (autor) | ||
| 245 | 1 | 0 | |a Apuntes para la historia de la transculturación indoespañola / |c M. de Cárcer y Disdier ; pról. de F. Gómez de Orozco. |
| 250 | |a 2a edición | ||
| 264 | 4 | |a México : |b UNAM, Instituto de Investigaciones Históricas, |c 1995, c1995 | |
| 300 | |a XII, 498 p. | ||
| 336 | |a texto |b txt |2 rdacontenido | ||
| 337 | |a sin mediación |b n |2 rdamedio | ||
| 338 | |a volumen |b nc |2 rdasoporte | ||
| 440 | 1 | |a (Publicaciones del Instituto de Investigaciones Históricas. |p Primera Serie ; |v 28) | |
| 520 | |a Recuento del rico intercambio cultural desarrollado entre España y sus antiguas colonias en América, escrito por Mariano de Cárcer y Disdier (1883-1963), ingeniero malagueño que hacia 1905 emigró a México, donde se asentó y adoptó su nacionalidad. Cárcer y Disdier centra su exposición fundamentalmente en los enriquecimientos mutuos que ocurrieron a uno y otro lado del Atlántico a través de los productos alimenticios y las maneras de comer, pero da cabida también a otras prácticas comunes, tales como el culto a la Virgen de Guadalupe. | ||
| 649 | |a XX | ||
| 650 | |a Virgen de Guadalupe - |x Culto | ||
| 650 | |a Aculturación - |z América | ||
| 650 | |a Aculturación - |z España | ||
| 650 | |a Transculturación - |z América | ||
| 650 | |a Transculturación - |z España | ||
| 650 | |a Relaciones Interculturales - |z México-España - |x Historia | ||
| 650 | |a Relaciones Interculturales - |z América-España - |x Historia - |x Tema Principal | ||
| 650 | |a Alimentos y Bebidas | ||
| 650 | |a Cocina Andaluza | ||
| 650 | |a Cocina Española | ||
| 650 | |a Cocina Latinoamericana | ||
| 650 | |a Gastronomía | ||
| 650 | |a Ganado | ||
| 650 | |a Ganadería | ||
| 650 | |a Industria Agropecuaria | ||
| 650 | |a Antropología Cultural | ||
| 650 | |a Sociología de la Cultura | ||
| 650 | |a México - |x Historia - |y Epoca Colonial, 1517-1821 | ||
| 650 | |a América - |x Historia - |y Epoca Colonial | ||
| 650 | |a España - |x Historia - |y Casa de Austria, 1516-1700 | ||
| 650 | |a España - |x Historia - |y Siglo XVIII | ||
| 650 | |a España - |x Historia - |y Borbones, 1700-1931 | ||
| 700 | |a Gómez de Orozco, Federico |e (pról.) | ||
| 910 | |a Fondo General | ||
| 920 | |a Impresos - Libros | ||
| 930 | |a Colección General | ||
| 905 | |a 101 | ||
| 901 | |a 0500017852 |b IT1 |c ACC |u 20250521 | ||
| 902 | |a https://opac.biblio.iteso.mx/vufind/Record/000063927 | ||